[Event "CAN-ch U08"]
[Site "Windsor"]
[Date "2016.07.08"]
[Round "7.124"]
[White "Hodgson, Trent"]
[Black "Chen, Andrew2222"]
[Result "0-1"]
[WhiteElo "544"]
[BlackElo "799"]
[PlyCount "66"]
[EventDate "2016.07.05"]
[EventType "swiss"]
[EventRounds "7"]
[EventCountry "CAN"]
[SourceTitle "EXT 2022"]
[Source "ChessBase"]
[SourceDate "2021.10.06"]
[SourceVersion "1"]
[SourceVersionDate "2021.10.06"]
[SourceQuality "1"]

1. e4 d5 2. exd5 Nf6 3. Nc3 Nxd5 4. Bc4 Nxc3 5. dxc3 Qxd1+ 6. Kxd1 e5 7. Be3 Nc6 8. Nf3 Bg4 9. h3 Bxf3+ 10. gxf3 0-0-0+ 11. Kc1 f5 12. Rd1 Rxd1+ 13. Kxd1 g6 14. Ke2 f4 15. Bd2 Bc5 16. Be6+ Kb8 17. Be1 Re8 18. Rd1 Rxe6 19. Kd3 Rd6+ 20. Ke2 Rxd1 21. Kxd1 b5 22. h4 a5 23. b4 axb4 24. cxb4 Bxb4 25. Bxb4 Nxb4 26. a3 Na6 27. Kd2 b4 28. axb4 Nxb4 29. Kc3 c5 30. Kb3 h6 31. c3 Nd3 32. Kc4 Nxf2 33. Kxc5 e4 0-1

[Event "CAN-ch U08"]
[Site "Windsor"]
[Date "2016.07.06"]
[Round "2.127"]
[White "Hodgson, Trent"]
[Black "Puri, Aryan"]
[Result "0-1"]
[WhiteElo "544"]
[BlackElo "724"]
[PlyCount "42"]
[EventDate "2016.07.05"]
[EventType "swiss"]
[EventRounds "7"]
[EventCountry "CAN"]
[SourceTitle "EXT 2022"]
[Source "ChessBase"]
[SourceDate "2021.10.06"]
[SourceVersion "1"]
[SourceVersionDate "2021.10.06"]
[SourceQuality "1"]

1. d4 d5 2. Nc3 Nf6 3. Nf3 Nc6 4. e3 e6 5. Be2 Bb4 6. 0-0 0-0 7. Bd3 b6 8. Ng5 g6 9. Qf3 Bd7 10. a3 Bd6 11. e4 Nxd4 12. Qe3 Be5 13. Nf3 Ng4 14. Qd2 Nxf3+ 15. gxf3 Bxh2+ 16. Kh1 Qh4 17. fxg4 Bf4+ 18. Kg2 Bxd2 19. Bxd2 Qxg4+ 20. Kh1 e5 21. Rg1 Qh3# 0-1